000 00869nam a22002897a 4500
003 CHAP
005 20220329134127.0
008 971013s r 00010 d
010 _a15816
011 _a16788
035 _a20870
040 _cCHAP
090 _aR-2168
100 0 0 _aHitchcock, A. E.
_955657
245 _aEffect of peat moss and sand on rooting response of cuttings
500 _aSobretiro de : Botanical Gazette 86(2)121-148, 1928
590 _aBATCH-UPD
_b10
_c20130110
_lUCH01
_h1601
590 _aBATCH-UPD
_b10
_c20130410
_lUCH01
_h0958
590 _aBATCH-UPD
_b10
_c20130914
_lUCH01
_h1943
590 _aCONVERSION
_b10
_c20130109
_lUCH01
_h1310
650 1 4 _aPropagación de plantas.
_992417
650 1 4 _aRaĆ­ces
_994670
650 1 4 _aTurba.
_9115586
901 _aBK
942 _cREIMP
949 _aR-2168
_bBC
_cR
_d-48643
_eTS1
_i20870
_mD
_si
999 _c15816
_d15816